000 00448nam a2200133 a 4500
008 120416s1967 ||||||||||||||||| || u
050 _aTJ 1160 Kra
100 _aKrar, S. F
245 1 0 _aMachine shop training
260 _aToronto
_bMcGraw-Hill
_c1967
300 _aix, 198p. : ill.
350 _a0.00
995 _D0.00
_FCBU-MAIN LIBRARY (Kitwe)
_H1
_I1.90
_UDAMAGED
_ZMain Library Open Access Collection
999 _c49583
_d49583